Life expectancy of building components (Record no. 69096)

MARC details
000 -LEADER
fixed length control field 01481cam a2200277 4500
001 - CONTROL NUMBER
control field ABS64862
008 - FIXED-LENGTH DATA ELEMENTS--GENERAL INFORMATION
fixed length control field 011212n2001 000 0 eng u
035 ## - SYSTEM CONTROL NUMBER
System control number (Sirsi) u115978
100 ## - MAIN ENTRY--PERSONAL NAME
Personal name Harvey, N
245 ## - TITLE STATEMENT
Title Life expectancy of building components
260 ## - PUBLICATION, DISTRIBUTION, ETC.
Date of publication, distribution, etc. 2001
490 ## - SERIES STATEMENT
Series statement CSM
-- Chartered Surveyor Monthly
Volume/sequential designation November/December 2001, 30-31(2)
520 ## - SUMMARY, ETC.
Summary, etc. Looks at the role of life expectancy of materials and components in the assessment of whole life costing. Reports on the Building Maintenance Information (BMI) survey carried out to provide information about the general performance of materials and buildings in use. Lists the basic causes of deterioration in buildings given in BS 7453 and highlights the six main forms of obsolescence outlined in the RICS guidance note on life cycle costing. Concludes that the BMI survey of 125 common building components provides typical, minimum and maximum life expectancy as well as general guidance on factors to consider when assessing life expectancy and causes of early deterioration. References. Tables.
590 ## - LOCAL NOTE (RLIN)
Local note ABS
650 ## - SUBJECT ADDED ENTRY--TOPICAL TERM
Topical term or geographic name entry element LIFE EXPECTANCY
650 ## - SUBJECT ADDED ENTRY--TOPICAL TERM
Topical term or geographic name entry element LIFE CYCLE COSTING
650 ## - SUBJECT ADDED ENTRY--TOPICAL TERM
Topical term or geographic name entry element WHOLE-LIFE COSTING
650 ## - SUBJECT ADDED ENTRY--TOPICAL TERM
Topical term or geographic name entry element BUILT ENVIRONMENT-BUILDING COSTS
650 ## - SUBJECT ADDED ENTRY--TOPICAL TERM
Topical term or geographic name entry element BUILDING COMPONENTS
650 ## - SUBJECT ADDED ENTRY--TOPICAL TERM
Topical term or geographic name entry element BUILT ENVIRONMENT-BUILDING MATERIALS
650 ## - SUBJECT ADDED ENTRY--TOPICAL TERM
Topical term or geographic name entry element BMI
650 ## - SUBJECT ADDED ENTRY--TOPICAL TERM
Topical term or geographic name entry element BS 7453
650 ## - SUBJECT ADDED ENTRY--TOPICAL TERM
Topical term or geographic name entry element FACILITIES MANAGEMENT
9 (RLIN) 6240
690 ## - LOCAL SUBJECT ADDED ENTRY--TOPICAL TERM (OCLC, RLIN)
Topical term or geographic name as entry element BUILT ENVIRONMENT-BUILDING COSTS
942 ## - ADDED ENTRY ELEMENTS (KOHA)
Suppress in OPAC 0
Holdings
Withdrawn status Lost status Source of classification or shelving scheme Damaged status Not for loan Home library Current library Shelving location Date acquired Total Checkouts Full call number Barcode Date last seen Copy number Price effective from Koha item type
    Dewey Decimal Classification     London London Journal article 12/12/2001   ABS64862 115978-1001 06/08/2019 1 06/08/2019 Journal article